[Event "European Blitz 2017"]
[Site "Katowice POL"]
[Date "2017.12.15"]
[Round "11.44"]
[White "Kantans, Toms"]
[Black "Georgiev, Kiril"]
[Result "0-1"]
[WhiteTitle "GM"]
[BlackTitle "GM"]
[WhiteElo "2484"]
[BlackElo "2623"]
[WhiteFideId "11602945"]
[BlackFideId "2900017"]
[EventDate "2017.12.15"]
[EventType "blitz"]

1. e4 e5 2. Nf3 Nc6 3. Bb5 Nf6 4. O-O Nxe4 5. Re1 Nd6 6. Nxe5 Be7 7. Bf1 Nf5 8.
Nf3 d5 9. d4 O-O 10. c3 Bd6 11. Na3 Bxa3 12. bxa3 Re8 13. Rxe8+ Qxe8 14. Bf4 Qe7
15. Qb3 Qd8 16. Re1 h6 17. Bd3 Nce7 18. c4 c6 19. c5 Ng6 20. Bd2 b6 21. Rc1 Bd7
22. a4 bxc5 23. Rxc5 Rb8 24. Qc2 Qf6 25. Qc3 Re8 26. Ra5 Nfh4 27. Nxh4 Nxh4 28.
Bf1 Qg6 29. Rxa7 Bg4 30. Qg3 Nf5 31. Qf4 Be2 32. g3 Bxf1 33. Kxf1 Nd6 34. Kg2
Re2 35. Be3 Nc4 36. Re7 Rxa2 37. Re8+ Kh7 38. Qb8 Qf5 39. h3 Nxe3+ 0-1

[Event "European Blitz 2017"]
[Site "Katowice POL"]
[Date "2017.12.15"]
[Round "11.45"]
[White "Sakalauskas, Vaidas"]
[Black "Mohr, Georg"]
[Result "0-1"]
[WhiteTitle "IM"]
[BlackTitle "GM"]
[WhiteElo "2351"]
[BlackElo "2473"]
[WhiteFideId "12800457"]
[BlackFideId "14600013"]
[EventDate "2017.12.15"]
[EventType "blitz"]

1. d4 Nf6 2. c4 e5 3. dxe5 Ng4 4. Bf4 Bb4+ 5. Nd2 Nc6 6. Nf3 Qe7 7. e3 Ngxe5 8.
Nxe5 Nxe5 9. Be2 b6 10. O-O Bxd2 11. Qxd2 Bb7 12. Qc3 d6 13. b4 Ng6 14. Bg3 h5
15. f3 h4 16. Bf2 h3 17. g3 O-O-O 18. Rac1 c5 19. Rfd1 Ne5 20. e4 g5 21. bxc5
dxc5 22. Rxd8+ Rxd8 23. Rd1 Rxd1+ 24. Bxd1 g4 25. f4 Nf3+ 26. Bxf3 gxf3 27. Qxf3
Qxe4 28. Qxe4 Bxe4 29. g4 Bd3 30. Be3 Bxc4 31. a3 Be2 32. g5 Bg4 33. Kf2 Kd7 34.
Ke1 Kc6 35. Kd2 Kd5 36. Bf2 b5 37. Kc3 a5 38. Be1 b4+ 39. Kb2 Kc4 40. Bf2 Bf5
41. Bg1 Kb5 42. Bf2 c4 43. axb4 axb4 44. Be1 c3+ 45. Kb3 Be6+ 46. Kc2 Kc4 0-1

[Event "European Blitz 2017"]
[Site "Katowice POL"]
[Date "2017.12.15"]
[Round "11.46"]
[White "Batsiashvili, Nino"]
[Black "Mikhalchishin, Adrian"]
[Result "0-1"]
[WhiteTitle "IM"]
[BlackTitle "GM"]
[WhiteElo "2502"]
[BlackElo "2479"]
[WhiteFideId "13602993"]
[BlackFideId "14602385"]
[EventDate "2017.12.15"]
[EventType "blitz"]

1. d4 d5 2. Bf4 Nf6 3. e3 c5 4. c3 Nc6 5. Nd2 e6 6. Ngf3 Bd6 7. Bg3 O-O 8. Bd3
b6 9. Ne5 Bb7 10. f4 Ne7 11. Qf3 Nf5 12. Bf2 Be7 13. O-O Nd6 14. Qh3 Nfe4 15.
Nxe4 Nxe4 16. Rad1 Qc8 17. Bh4 f6 18. Nf3 Re8 19. g4 Ba6 20. Bxa6 Qxa6 21. a3
Bd6 22. f5 exf5 23. gxf5 Qe2 24. Qg2 Qxg2+ 25. Kxg2 Rad8 26. Ne1 cxd4 27. exd4
Bf8 28. Nd3 Nd6 29. Rde1 Rxe1 30. Nxe1 Nc4 31. Nc2 Nxb2 32. Re1 Nc4 33. a4 Kf7
34. Bg3 Re8 35. Rxe8 Kxe8 36. Kf3 Kd7 37. Ke2 Kc6 38. Kd3 Bd6 39. Be1 Bxh2 40.
Nb4+ Kd6 41. Bf2 Bf4 42. Ke2 h5 43. Be1 a5 44. Nd3 Bg5 45. Kf3 Kc6 46. Nf2 Nd6
47. Nd3 Nxf5 48. Bf2 Nd6 49. Bg3 Ne4 50. Be1 Bd2 0-1

[Event "European Blitz 2017"]
[Site "Katowice POL"]
[Date "2017.12.15"]
[Round "11.47"]
[White "Heberla, Bartlomiej"]
[Black "Dragnev, Valentin"]
[Result "0-1"]
[WhiteTitle "GM"]
[BlackTitle "IM"]
[WhiteElo "2555"]
[BlackElo "2458"]
[WhiteFideId "1115120"]
[BlackFideId "1634852"]
[EventDate "2017.12.15"]
[EventType "blitz"]

1. e4 e5 2. Nf3 Nc6 3. Bc4 Bc5 4. c3 Nf6 5. d3 d6 6. Nbd2 a5 7. Bb3 O-O 8. h3 d5
9. Qe2 b5 10. Nf1 Be6 11. Bg5 d4 12. Ng3 dxc3 13. bxc3 b4 14. c4 h6 15. Be3 Nd4
16. Qd1 Re8 17. O-O Ra6 18. Bxd4 Bxd4 19. Nxd4 Kh7 0-1

[Event "European Blitz 2017"]
[Site "Katowice POL"]
[Date "2017.12.15"]
[Round "11.48"]
[White "Lavendelis, Egons"]
[Black "Tregubov, Pavel V."]
[Result "1/2-1/2"]
[WhiteTitle "FM"]
[BlackTitle "GM"]
[WhiteElo "2278"]
[BlackElo "2575"]
[WhiteFideId "11601647"]
[BlackFideId "4115341"]
[EventDate "2017.12.15"]
[EventType "blitz"]

1. e4 c5 2. Nf3 e6 3. c3 d5 4. exd5 exd5 5. d4 Nc6 6. g3 Bd6 7. Bg2 Qe7+ 8. Be3
Nf6 9. O-O O-O 10. Nbd2 Bg4 11. dxc5 Bxc5 12. Bxc5 Qxc5 13. Nb3 Qb6 14. h3 Bh5
15. Qd2 Rad8 16. Rae1 a5 17. Nfd4 a4 18. Nxc6 bxc6 19. Nd4 Bg6 20. Re7 c5 21.
Nf3 d4 22. cxd4 cxd4 23. Ne5 Rfe8 24. Nxg6 hxg6 25. Rfe1 Rxe7 26. Rxe7 Qc5 27.
Re1 a3 28. bxa3 Qxa3 29. Rb1 Qc3 30. Qxc3 dxc3 31. Rc1 Rd2 32. Rxc3 1/2-1/2

[Event "European Blitz 2017"]
[Site "Katowice POL"]
[Date "2017.12.15"]
[Round "11.49"]
[White "Feuerstack, Aljoscha"]
[Black "Lubczynski, Rafal"]
[Result "1-0"]
[WhiteTitle "IM"]
[BlackTitle "IM"]
[WhiteElo "2438"]
[BlackElo "2429"]
[WhiteFideId "4681932"]
[BlackFideId "1126091"]
[EventDate "2017.12.15"]
[EventType "blitz"]

1. e4 d6 2. d4 Nf6 3. Bd3 e5 4. c3 d5 5. dxe5 Nxe4 6. Nf3 Nc6 7. Nbd2 Nc5 8. Bb1
Bg4 9. b4 Nd7 10. Qa4 a5 11. b5 Ncxe5 12. Nxe5 Nxe5 13. O-O Be6 14. f4 Nd7 15.
f5 Nb6 16. Qg4 h5 17. Qe2 Bc5+ 18. Kh1 Qe7 19. fxe6 fxe6 20. Bg6+ Kd8 21. Nf3
Rf8 22. Bg5 Rf6 1-0

[Event "European Blitz 2017"]
[Site "Katowice POL"]
[Date "2017.12.15"]
[Round "11.50"]
[White "Jussupow, Artur"]
[Black "Kaleta, Blazej"]
[Result "1-0"]
[WhiteTitle "GM"]
[WhiteElo "2582"]
[BlackElo "2110"]
[WhiteFideId "4618777"]
[BlackFideId "1170252"]
[EventDate "2017.12.15"]
[EventType "swiss"]

1. d4 Nf6 2. Nf3 e6 3. e3 d5 4. c4 Nbd7 5. Nc3 c6 6. a3 Bd6 7. c5 Bc7 8. b4 O-O
9. Bb2 Re8 10. Be2 e5 11. a4 e4 12. Nd2 Nf8 13. b5 Ng6 14. Nb3 Nh4 15. g3 Nf3+
16. Bxf3 exf3 17. Qxf3 Bg4 18. Qg2 Qe7 19. h3 Bf5 20. O-O h5 21. Rfe1 Qd7 22. h4
Bh3 23. Qf3 Bg4 24. Qg2 Qf5 25. Rac1 Bh3 26. Qh1 Re6 27. Nd2 Ne4 28. Ndxe4 dxe4
29. Ne2 Rg6 30. Nf4 Bxf4 31. exf4 Re8 32. Kh2 Bg4 33. bxc6 bxc6 34. Qf1 Rb8 35.
Bc3 Re6 36. Re3 Ree8 37. Rb1 Bf3 38. Qe1 Qd5 39. Qc1 Qa2 40. Rb2 Qxa4 41. d5
cxd5 42. Rxb8 Rxb8 43. Be5 Rc8 44. Bd6 d4 45. Rxf3 exf3 46. Qd2 Qc4 47. g4 Qc3
48. Qd1 hxg4 49. Kg3 d3 50. Kxg4 d2 51. Qa4 Qc1 52. Qd7 Ra8 53. Qb7 Re8 54. Qd7
Re6 55. Be5 d1=Q 1-0

[Event "European Blitz 2017"]
[Site "Katowice POL"]
[Date "2017.12.15"]
[Round "11.51"]
[White "Kuzmicz, Krystian"]
[Black "Holemar, David"]
[Result "1-0"]
[WhiteTitle "IM"]
[BlackTitle "FM"]
[WhiteElo "2460"]
[BlackElo "2299"]
[WhiteFideId "1119125"]
[BlackFideId "307009"]
[EventDate "2017.12.15"]
[EventType "blitz"]

1. e4 c5 2. d3 Nc6 3. g3 e6 4. Bg2 Nf6 5. f4 d5 6. e5 Nd7 7. Nf3 Qa5+ 8. c3 d4
9. O-O dxc3 10. Nxc3 Be7 11. Ne4 O-O 12. Be3 b6 13. d4 Ba6 14. Re1 cxd4 15. Nxd4
Nxd4 16. Qxd4 Rad8 17. Bd2 Bc5 18. Nxc5 Qxc5 19. Be3 Qxd4 20. Bxd4 Nc5 21. Bxc5
bxc5 22. Red1 Be2 23. Rxd8 Rxd8 24. Rc1 Rd1+ 25. Rxd1 Bxd1 26. Kf2 Bc2 27. Ke3
Bb1 28. a3 Kf8 29. Kd2 Ba2 30. Kc3 Ke7 31. Be4 h6 32. b3 c4 33. bxc4 Kd7 34. c5
Kc7 35. Kb4 f6 36. Bd3 fxe5 37. fxe5 Kd7 38. Bb5+ Ke7 39. c6 Bd5 40. Kc5 Bf3 41.
Ba6 Kd8 42. Kd6 1-0

[Event "European Blitz 2017"]
[Site "Katowice POL"]
[Date "2017.12.15"]
[Round "11.52"]
[White "Brzezinski, Mateusz"]
[Black "Krejci, Jan2"]
[Result "0-1"]
[BlackTitle "GM"]
[WhiteElo "2164"]
[BlackElo "2570"]
[WhiteFideId "1177117"]
[BlackFideId "322156"]
[EventDate "2017.12.15"]
[EventType "blitz"]

1. d4 Nf6 2. Bg5 e6 3. e4 h6 4. Bxf6 Qxf6 5. Nf3 d6 6. Nc3 Nd7 7. Be2 a6 8. O-O
b5 9. e5 Qd8 10. exd6 cxd6 11. Ne4 Bb7 12. Bd3 Be7 13. c3 O-O 14. a4 Qb6 15. Qe2
b4 16. a5 Qa7 17. cxb4 Rab8 18. Rfc1 Bxe4 19. Qxe4 Nf6 20. Qe2 Rxb4 21. Bxa6
Rfb8 22. Rc2 Nd5 23. Bc4 Nf4 24. Qd2 Bg5 25. Nxg5 hxg5 26. g3 Nh3+ 27. Kg2 g4
28. f3 d5 29. fxg4 dxc4 30. Kxh3 Qa8 31. a6 g6 32. Qf2 Kg7 33. g5 Rh8+ 34. Kg4 0-1

[Event "European Blitz 2017"]
[Site "Katowice POL"]
[Date "2017.12.15"]
[Round "11.53"]
[White "Medarde Santiago, Luis Marcos"]
[Black "Zorko, Jure"]
[Result "1-0"]
[WhiteTitle "FM"]
[BlackTitle "IM"]
[WhiteElo "2350"]
[BlackElo "2457"]
[WhiteFideId "2263076"]
[BlackFideId "14604051"]
[EventDate "2017.12.15"]
[EventType "blitz"]

1. e4 e5 2. Nf3 Nc6 3. d4 exd4 4. Bc4 Nf6 5. e5 d5 6. Bb5 Ne4 7. Nxd4 Bd7 8.
Bxc6 bxc6 9. O-O Bc5 10. f3 Ng5 11. f4 Ne4 12. Be3 Bb6 13. Nd2 Nxd2 14. Qxd2 c5
15. Nf3 d4 16. Bf2 Bc6 17. Qd3 Qd5 18. Rfe1 c4 19. Qf1 O-O-O 20. a4 d3 21. a5
Bxf2+ 22. Qxf2 Kb8 23. cxd3 cxd3 24. Rec1 Ba8 25. Rc5 Qb3 26. Rc3 Qb4 27. Nd2
Bd5 28. Raa3 Ka8 29. Rxc7 Qb8 30. Qc5 Bb7 31. a6 Bd5 32. Rxd3 Qb6 33. Qxb6 axb6
34. Kf2 g6 35. Rd4 Bxg2 36. Rxd8+ Rxd8 37. Kxg2 Rxd2+ 38. Kg3 Rxb2 39. Rxf7 Re2
40. Kf3 Re1 41. Rxh7 b5 42. Rb7 Rb1 43. e6 Re1 44. e7 b4 45. Rd7 b3 46. Rd8+ Ka7
47. e8=Q Rxe8 48. Rxe8 b2 49. Re1 1-0

[Event "European Blitz 2017"]
[Site "Katowice POL"]
[Date "2017.12.15"]
[Round "11.54"]
[White "Gdanski, Jacek"]
[Black "Mitkov, Marjan"]
[Result "1-0"]
[WhiteTitle "GM"]
[BlackTitle "IM"]
[WhiteElo "2458"]
[BlackElo "2333"]
[WhiteFideId "1100106"]
[BlackFideId "15000354"]
[EventDate "2017.12.15"]
[EventType "swiss"]

1. e4 e5 2. Nf3 Nc6 3. Bb5 a6 4. Bxc6 dxc6 5. O-O f6 6. d4 exd4 7. Nxd4 c5 8.
Ne2 Qxd1 9. Rxd1 Bd7 10. Nbc3 O-O-O 11. Be3 Bd6 12. Bf4 Bxf4 13. Nxf4 Ne7 14.
Ncd5 Nc6 15. f3 f5 16. exf5 Bxf5 17. Ne3 Bd7 18. h4 Rhf8 19. Nfd5 Be6 20. Nc3
Rde8 21. Ne4 b6 22. c3 h6 23. Rd2 Ne5 24. Rad1 Bxa2 25. b4 Bb3 26. Ra1 cxb4 27.
cxb4 Kb7 28. Rb2 Be6 29. Rc2 Rf7 30. Rac1 Rd8 31. Kh2 c6 32. Kg3 Bd5 33. Nc3
Bxf3 34. Re1 Bh5 35. Na4 Bg6 36. Rc3 Rd3 37. Rxd3 Nxd3 38. Nc4 Nxe1 39. Nd6+ Kc7
40. Nxf7 Bxf7 1-0

[Event "European Blitz 2017"]
[Site "Katowice POL"]
[Date "2017.12.15"]
[Round "11.55"]
[White "Polzin, Rainer"]
[Black "Sabuk, Piotr"]
[Result "0-1"]
[WhiteTitle "GM"]
[BlackTitle "IM"]
[WhiteElo "2404"]
[BlackElo "2382"]
[WhiteFideId "4610741"]
[BlackFideId "1137565"]
[EventDate "2017.12.15"]
[EventType "blitz"]

1. e4 e5 2. Nf3 Nc6 3. Bb5 a6 4. Ba4 Nf6 5. d3 b5 6. Bb3 Be7 7. O-O d6 8. a4 b4
9. a5 Be6 10. Nbd2 Rb8 11. Nc4 Nd7 12. Ba4 Na7 13. Ne3 O-O 14. c3 Nc5 15. Bc2
bxc3 16. bxc3 Nb3 17. Ra3 Nxc1 18. Qxc1 Nb5 19. Ra1 Nxc3 20. Qd2 Nb5 21. Rfb1 c5
22. Bb3 Bg5 23. Bxe6 fxe6 24. Qa2 Qe7 25. Nf5 Qf6 26. Nxg5 Nc3 27. Qxe6+ Qxe6
28. Nxe6 Rxb1+ 29. Rxb1 Nxb1 30. Nxf8 Kxf8 31. Nxd6 Nd2 32. Nc4 Nb3 33. g3 Ke7
34. f4 exf4 35. gxf4 Nc1 36. Nb2 Ne2+ 37. Kf2 Nxf4 38. Ke3 Ne6 39. e5 Nd4 40.
Na4 Nb3 41. Ke4 Ke6 42. h4 g6 43. Kf4 Kd5 44. Nb6+ Ke6 45. Nc4 Nd4 46. Ke4 Nc6
47. Kf4 Ne7 48. Kg5 Nf5 49. h5 gxh5 50. Kxh5 Nd4 51. Kh6 Nf3 52. Kxh7 Nxe5 53.
Nb2 Kd5 54. Kh6 Kd4 55. Kg5 Nxd3 56. Na4 c4 57. Kf5 Kd5 0-1

[Event "European Blitz 2017"]
[Site "Katowice POL"]
[Date "2017.12.15"]
[Round "11.56"]
[White "Brodowski, Piotr"]
[Black "Bednarek, Sylwester"]
[Result "0-1"]
[WhiteTitle "IM"]
[BlackTitle "FM"]
[WhiteElo "2430"]
[BlackElo "2307"]
[WhiteFideId "1124480"]
[BlackFideId "1101811"]
[EventDate "2017.12.15"]
[EventType "blitz"]

1. c4 Nf6 2. g3 c5 3. Bg2 e6 4. Nc3 Be7 5. Nf3 O-O 6. d4 cxd4 7. Nxd4 a6 8. O-O
d6 9. b3 Qc7 10. Bb2 Nbd7 11. Rc1 Rb8 12. e4 b6 13. h3 Bb7 14. Qe2 Rfe8 15. Rfd1
Rbc8 16. a4 Qb8 17. g4 h6 18. h4 Nh7 19. Nf3 Ne5 20. Nxe5 dxe5 21. Qe3 Ba8 22.
Qg3 Nf8 23. Ne2 Ng6 24. h5 Nf4 25. Nxf4 exf4 26. Qc3 Bf6 27. e5 Bg5 28. Bxa8
Qxa8 29. f3 Be7 30. Kg2 Bc5 31. Rd3 Be3 32. Rcd1 Qc6 33. Qb4 Bc5 34. Qd2 b5 35.
axb5 axb5 36. Qxf4 Be7 37. cxb5 Qxb5 38. R1d2 Bb4 39. Rd7 Rf8 40. R7d3 Bxd2 41.
Qxd2 Qc6 42. Ba3 Rfe8 43. Bd6 Qc2 44. Qxc2 Rxc2+ 45. Kg3 Rec8 46. b4 R8c3 47.
Rd1 Rb3 48. Kf4 Rc4+ 49. Kg3 Rcc3 50. Rf1 f6 51. Kf4 Rc4+ 52. Kg3 Kf7 53. exf6
gxf6 54. Bc5 Rcc3 55. Kf4 e5+ 56. Ke4 Ke6 0-1

[Event "European Blitz 2017"]
[Site "Katowice POL"]
[Date "2017.12.15"]
[Round "11.57"]
[White "Jakubowski, Krzysztof"]
[Black "Balazs, Ladislav"]
[Result "1-0"]
[WhiteTitle "GM"]
[WhiteElo "2526"]
[BlackElo "2110"]
[WhiteFideId "1112848"]
[BlackFideId "14931265"]
[EventDate "2017.12.15"]
[EventType "blitz"]

1. c4 b6 2. d4 Bb7 3. Nc3 e6 4. Nf3 Nf6 5. a3 Be7 6. e3 O-O 7. b4 d5 8. c5 a5 9.
Bd2 Nbd7 10. Be2 Ne4 11. O-O f5 12. Qc2 bxc5 13. bxc5 c6 14. Rab1 Ba6 15. Bxa6
Rxa6 16. Rb7 Ra8 17. Rfb1 g5 18. Qa4 Qc8 19. Nxe4 fxe4 20. Ne1 Bxc5 21. dxc5
Nxc5 22. Qd4 Nxb7 23. Bc3 Qd7 24. Rxb7 Qxb7 25. Qh8+ Kf7 26. Qg7+ Ke8 27. Qxb7
Rd8 28. Bxa5 Rf7 29. Qxc6+ Rdd7 30. Qc8+ Ke7 31. Bb4+ Kf6 32. Bc3+ Kf5 33. h3
Rc7 34. Qg8 h5 35. Ba5 Rcd7 36. a4 e5 37. Qc8 d4 38. exd4 exd4 39. Bd2 Kg6 40.
a5 e3 41. fxe3 dxe3 42. Bxe3 Rde7 43. Qc2+ Kh6 44. Qc6+ Kh7 45. Bd2 Re2 46. Qc2+
Kg8 47. a6 1-0

[Event "European Blitz 2017"]
[Site "Katowice POL"]
[Date "2017.12.15"]
[Round "11.58"]
[White "Cieslar, Michal"]
[Black "Valsecchi, Alessio"]
[Result "1-0"]
[BlackTitle "IM"]
[WhiteElo "2032"]
[BlackElo "2501"]
[WhiteFideId "1141066"]
[BlackFideId "818860"]
[EventDate "2017.12.15"]
[EventType "blitz"]

1. e4 e5 2. Nf3 Nf6 3. Nc3 Nc6 4. Bb5 Bd6 5. d3 a6 6. Ba4 b5 7. Bb3 Bb7 8. a3
O-O 9. Bg5 h6 10. Bh4 Be7 11. Qd2 d6 12. Bg3 Na5 13. Ba2 c5 14. O-O Nc6 15. Nd5
Nxd5 16. Bxd5 Rb8 17. c3 Kh8 18. Rad1 Bf6 19. h3 Kh7 20. Nh2 g6 21. f4 Bg7 22.
f5 Bf6 23. Qf2 Ne7 24. Bb3 gxf5 25. exf5 Rg8 26. Ng4 Nd5 27. d4 exd4 28. cxd4 c4
29. Bc2 h5 30. Ne3 h4 31. Qf3 Rxg3 32. Qh5+ Kg7 33. Ng4 Rxg2+ 34. Kh1 Rxc2 35.
Qh6+ Kg8 36. Nxf6+ Nxf6+ 37. d5 Ne4 38. Rg1+ Ng3+ 39. Rxg3+ hxg3 40. f6 Qf8 41.
Qg5+ Kh7 42. Qf5+ Kh6 43. Rd4 Bxd5+ 44. Rxd5 Rh2+ 45. Kg1 Rxh3 46. Qxh3+ Kg6 47.
Qf5+ Kh6 48. Qh5# 1-0

[Event "European Blitz 2017"]
[Site "Katowice POL"]
[Date "2017.12.15"]
[Round "11.59"]
[White "Olszynski, Kazimierz"]
[Black "Maier, Christian"]
[Result "0-1"]
[BlackTitle "IM"]
[WhiteElo "2151"]
[BlackElo "2393"]
[WhiteFideId "1112376"]
[BlackFideId "4601955"]
[EventDate "2017.12.15"]
[EventType "blitz"]

1. e4 e6 2. f4 d5 3. e5 h5 4. Nf3 a6 5. Be2 c5 6. O-O Nc6 7. c3 d4 8. d3 Nh6 9.
Nbd2 Nf5 10. Ne4 Be7 11. Nfg5 g6 12. c4 b5 13. b3 Bb7 14. Bf3 Rc8 15. Qe2 Ba8
16. Ba3 Nb4 17. Bxb4 cxb4 18. cxb5 axb5 19. Rfc1 Rc3 20. Nf6+ Bxf6 21. exf6 Bxf3
22. Qxf3 O-O 23. g4 hxg4 24. Qxg4 Qxf6 25. Qh3 Qh8 26. Qf3 Rfc8 27. Re1 Qh4 28.
Ne4 Rc2 29. h3 Kg7 30. Rf1 0-1

[Event "European Blitz 2017"]
[Site "Katowice POL"]
[Date "2017.12.15"]
[Round "11.60"]
[White "Michalski, Filip"]
[Black "Kourousis, Epaminondas"]
[Result "1-0"]
[BlackTitle "IM"]
[WhiteElo "2089"]
[BlackElo "2393"]
[WhiteFideId "1151371"]
[BlackFideId "4211626"]
[EventDate "2017.12.15"]
[EventType "blitz"]

1. d4 Nf6 2. c4 e6 3. Nc3 Bb4 4. e3 O-O 5. Ne2 Re8 6. a3 Bf8 7. g3 d5 8. cxd5
exd5 9. Bg2 a5 10. b3 c6 11. O-O Na6 12. Bb2 Nc7 13. Qd3 Ne6 14. Rae1 Qb6 15.
Qc2 Ng5 16. Nf4 g6 17. Na4 Qb5 18. Nc3 Qa6 19. f3 Qa7 20. Qd3 Qa6 21. Qxa6 Rxa6
22. h4 Ne6 23. Nxe6 Bxe6 24. Na4 Nd7 25. e4 dxe4 26. Rxe4 Rd8 27. Re3 Bh6 28. f4
Nf6 29. Nc5 Raa8 30. Nxe6 fxe6 31. Rxe6 Bg7 32. Re7 Rd7 33. Rfe1 Kf8 34. Rxd7
Nxd7 35. Bh3 Nb6 36. a4 Kg8 37. Re7 Rb8 38. Be6+ Kh8 39. Kf2 Bf8 40. d5+ 1-0

[Event "European Blitz 2017"]
[Site "Katowice POL"]
[Date "2017.12.15"]
[Round "11.61"]
[White "Drozdowski, Konrad"]
[Black "Licznerski, Lukasz"]
[Result "0-1"]
[BlackTitle "FM"]
[WhiteElo "2132"]
[BlackElo "2267"]
[WhiteFideId "1106279"]
[BlackFideId "1179250"]
[EventDate "2017.12.15"]
[EventType "blitz"]

1. e4 c6 2. c4 d5 3. cxd5 cxd5 4. exd5 Nf6 5. Qa4+ Nbd7 6. Nc3 g6 7. Bc4 Bg7 8.
Nf3 O-O 9. d3 a6 10. Qa3 Nb6 11. Qb3 Nxc4 12. dxc4 b5 13. cxb5 axb5 14. O-O b4
15. Qxb4 Nxd5 16. Nxd5 Qxd5 17. Qxe7 Bg4 18. Qg5 Bxf3 19. gxf3 Qxf3 20. Qg2 Qd3
21. Qg3 Qc2 22. a3 Rfb8 23. Qf3 Ra5 24. Qd1 Qc8 25. b4 Rxb4 26. axb4 Rxa1 27.
Qd2 Bc3 28. Qf4 Ra4 29. Bd2 Rxb4 30. Qe3 Rg4+ 31. Kh1 Qc6+ 32. f3 Bxd2 33. Qxd2
Rc4 34. Qd8+ Kg7 35. Qd2 h5 36. Qb2+ Kh7 37. Qg2 Rc2 38. Rf2 Rc1+ 39. Rf1 Rxf1+
40. Qxf1 Qc2 41. Kg1 Qd2 42. Qc4 Kg7 43. Qe4 Kf6 44. Qc6+ Ke5 45. Qe8+ Kf6 46.
Qc6+ Kg7 47. Qe4 Qg5+ 48. Kh1 Qf6 49. Kg2 Qb2+ 50. Kh1 Qf2 51. Qe5+ Kh7 52. Qg3
Qf1+ 0-1

[Event "European Blitz 2017"]
[Site "Katowice POL"]
[Date "2017.12.15"]
[Round "11.62"]
[White "Jahncke, Giso"]
[Black "Sliwicka, Alicja"]
[Result "1/2-1/2"]
[WhiteTitle "FM"]
[BlackTitle "WFM"]
[WhiteElo "2403"]
[BlackElo "2337"]
[WhiteFideId "24608289"]
[BlackFideId "1150677"]
[EventDate "2017.12.15"]
[EventType "blitz"]

1. Nf3 Nf6 2. c4 c5 3. g3 Nc6 4. Bg2 e5 5. O-O d5 6. cxd5 Nxd5 7. Nc3 Nc7 8. a3
Be7 9. b4 cxb4 10. axb4 Bxb4 11. Nxe5 Nxe5 12. Qa4+ Nc6 13. Bxc6+ bxc6 14. Qxb4
Qe7 15. Qc4 Qe6 16. Qf4 Nd5 17. Nxd5 cxd5 18. Ba3 Bd7 19. Rfc1 f6 20. Rc3 Kf7
21. Re3 Qf5 22. Re7+ Kg6 23. Qc7 Rhd8 24. f3 h5 25. e4 dxe4 26. fxe4 Qb5 27. Qf4
Qg5 28. Qc7 Qb5 29. Rf1 Qb6+ 30. Qc5 Qxc5+ 31. Bxc5 a5 32. d4 a4 33. Rf3 Bg4 34.
Re3 Bd1 35. e5 Bb3 36. exf6 gxf6 37. Rb7 a3 38. Bxa3 Rxa3 39. Rbxb3 Rxb3 40.
Rxb3 Rxd4 41. Rb5 Rd2 42. Rb4 Kg5 43. Rf4 f5 44. Rf2 Rxf2 45. Kxf2 f4 1/2-1/2

[Event "European Blitz 2017"]
[Site "Katowice POL"]
[Date "2017.12.15"]
[Round "11.63"]
[White "Rocha, Sergio"]
[Black "Chyzy, Jakub"]
[Result "1-0"]
[WhiteTitle "IM"]
[WhiteElo "2370"]
[BlackElo "2112"]
[WhiteFideId "1900404"]
[BlackFideId "21806209"]
[EventDate "2017.12.15"]
[EventType "blitz"]

1. Nf3 d5 2. c4 e6 3. b3 Nf6 4. Bb2 Be7 5. e3 c6 6. Be2 O-O 7. O-O Nbd7 8. d3
Re8 9. Nbd2 Bf8 10. d4 b6 11. Qc2 Ba6 12. e4 dxe4 13. Nxe4 Nxe4 14. Qxe4 Rc8 15.
Rad1 Nf6 16. Qh4 Nd5 17. Qg3 Bd6 18. Ne5 f6 19. Bd3 Nb4 20. Bb1 1-0

[Event "European Blitz 2017"]
[Site "Katowice POL"]
[Date "2017.12.15"]
[Round "11.64"]
[White "Neiksans, Arturs"]
[Black "Gumula, Daniel"]
[Result "1-0"]
[WhiteTitle "GM"]
[BlackTitle "FM"]
[WhiteElo "2590"]
[BlackElo "2218"]
[WhiteFideId "11601388"]
[BlackFideId "1123122"]
[EventDate "2017.12.15"]
[EventType "blitz"]

1. b3 e5 2. Bb2 Nc6 3. e3 Nf6 4. Bb5 Bd6 5. Ne2 O-O 6. Ng3 Re8 7. O-O Bf8 8. f4
exf4 9. Rxf4 Nd5 10. Rf1 d6 11. Qf3 Be6 12. Nc3 Ne5 13. Qf2 c6 14. Nxd5 Bxd5 15.
Be2 Qh4 16. Rae1 g6 17. h3 Bg7 18. e4 Be6 19. d4 Nd7 20. c3 Rf8 21. Ba3 d5 22.
Bxf8 Rxf8 23. Bd3 Nf6 24. e5 Nd7 25. Ne4 Qe7 26. Nf6+ Bxf6 27. exf6 Qd6 28. Qf4
Qxf4 29. Rxf4 c5 30. Bb5 Rd8 31. Bxd7 Rxd7 32. dxc5 Rc7 33. b4 b6 34. cxb6 axb6
35. a4 Rxc3 36. Ra1 g5 37. Rf2 h5 38. a5 bxa5 39. bxa5 d4 40. a6 Bd5 41. Rf5 Be4
42. Rxg5+ Kh7 43. a7 1-0

[Event "European Blitz 2017"]
[Site "Katowice POL"]
[Date "2017.12.15"]
[Round "11.65"]
[White "Dorokhin, Mykhailo"]
[Black "Zelbel, Patrick"]
[Result "0-1"]
[BlackTitle "IM"]
[WhiteElo "2243"]
[BlackElo "2456"]
[WhiteFideId "14114178"]
[BlackFideId "24624322"]
[EventDate "2017.12.15"]
[EventType "blitz"]

1. e4 e5 2. Nf3 Nc6 3. Bc4 Nf6 4. d3 Bc5 5. c3 O-O 6. Nbd2 a6 7. Qe2 Re8 8. Nf1
d5 9. Bb3 Be6 10. Ng3 Qd7 11. Ng5 Bg4 12. f3 Be6 13. Nxe6 fxe6 14. Be3 Qe7 15.
O-O Rad8 16. Rad1 Bxe3+ 17. Qxe3 Na5 18. d4 Nxb3 19. axb3 exd4 20. Rxd4 c6 21.
e5 Nd7 22. f4 g6 23. h4 c5 24. Ra4 Nb6 25. Raa1 d4 26. Qe4 Qxh4 27. Qxb7 Rb8 28.
Qf3 Nd5 29. Ne4 Rxb3 30. Rxa6 Rxb2 31. Nxc5 Ne3 32. Ra8 Rxg2+ 33. Qxg2 Nxg2 34.
Rxe8+ Kf7 35. Rxe6 Ne3 36. Rf6+ Ke7 37. Rf3 Qe1+ 38. Kh2 Qe2+ 39. Kg3 Qg2+ 40.
Kh4 Qg4# 0-1